| 000 | 00919nam a2200277 a 4500 | ||
|---|---|---|---|
| 003 | CO-ViMGA | ||
| 005 | 20230915225022.0 | ||
| 008 | 060705s2006 ck a gr 00010dspa d | ||
| 020 | _a9583022055 | ||
| 020 | _a9789583022050 | ||
| 040 |
_aCO-ViMGA _bspa _cCO-ViMGA |
||
| 043 | _ae-sp--- | ||
| 082 | 0 | 4 |
_a720.946 S47a _220 |
| 100 | 0 |
_aSirrocco. _9418 |
|
| 245 | 1 | 0 |
_aAntoni Gaudi : _b(1852-1926) / |
| 260 | 3 |
_aBogotá : _bPanamericana Editorial, _c2006. |
|
| 300 |
_a255 p. : _bil. ; _c17 cm. |
||
| 500 | _aIncluye índice. | ||
| 600 | 1 | 4 |
_aGaudí I Cornet, Antoni, _d1852-1926 _x Crítica e interpretación. _9420 |
| 600 | 1 | 4 |
_aGaudí I Cornet, Antoni, _d1852-1926 _x Trabajos arquitectónicos. _9421 |
| 650 | 1 | 4 |
_aArquitectos españoles. _9422 |
| 650 | 1 | 4 |
_aArquitectura española. _9423 |
| 700 | 1 |
_aRomán, Pedro, _erev. _9425 |
|
| 700 | 1 |
_aValencia Villa, Jaime, _d1951-, _etr. _95568 |
|
| 942 |
_2ddc _cBK |
||
| 999 |
_c11958 _d11958 |
||